Statistiken für Personen nach Land #1

Klicken Sie hier um das Quiz zu spielen!

Allgemein

  • Dieses Quiz wurde 1.434 mal gespielt
  • Das Durchschnittsergebnis liegt bei 15 aus 24

Antwortstatistiken

PersonLand% Korrekt
Yao MingChina
97%
Wolfgang Amadeus MozartÖsterreich
92%
Justin BieberKanada
89%
Mustafa AtatürkTürkei
86%
Hans Christian AndersenDänemark
81%
König FelipeSpanien
78%
Ho Chi MinhVietnam
78%
Lech WałęsaPolen
72%
Christoph KolumbusItalien
72%
Vasco da GamaPortugal
69%
BjörkIsland
67%
Victor HugoFrankreich
65%
Oscar WildeIrland
64%
Didier DrogbaElfenbeinküste
57%
König LeonidasGriechenland
56%
Augusto PinochetChile
52%
Emily DickinsonVereinigte Staaten
48%
Greta GarboSchweden
46%
Desmond TutuSüdafrika
43%
Idi AminUganda
38%
Gabriel García MárquezKolumbien
37%
Oksana BajulUkraine
33%
Kyros der GroßeIran
24%
Manuel NoriegaPanama
22%

Verteilung der Resultate

Perzentil nach korrekt beantworteten Fragen

Anzahl Personen mit jedem Resultat

Ihre Resultats-Entwicklung

Sie haben dieses Quiz noch nicht gespielt